Southville International School and Colleges
Your cart is empty.
  • Cart
  • Lists
    Public lists Eva Luna New books Lux_list list_1
    Your lists Log in to create your own lists
  • Log in to your account
  • Your cookies
  • Search history
Southville International School and Colleges
  • Advanced search
  • Recent comments
  • Most popular
  • Libraries

Log in to your account

Log in with GOOGLE


If you do not have an external account, but do have a local account, you can still log in:

  1. Home
  2. MARC view: The hundred dresses /
Normal view MARC view ISBD view

The hundred dresses / (Record no. 34075)

[ view plain ]
MARC details
000 -LEADER
fixed length control field 01250cam a2200349 4500
001 - CONTROL NUMBER
control field 3614034
003 - CONTROL NUMBER IDENTIFIER
control field OSt
005 - DATE AND TIME OF LATEST TRANSACTION
control field 20140310184408.0
008 - FIXED-LENGTH DATA ELEMENTS--GENERAL INFORMATION
fixed length control field 730802t19741974nyua j 000 1 eng
010 ## - LIBRARY OF CONGRESS CONTROL NUMBER
LC control number 73012940
020 ## - INTERNATIONAL STANDARD BOOK NUMBER
International Standard Book Number 0590404008
040 ## - CATALOGING SOURCE
Original cataloging agency DLC
Transcribing agency DLC
Modifying agency DLC
042 ## - AUTHENTICATION CODE
Authentication code lcac
050 00 - LIBRARY OF CONGRESS CALL NUMBER
Classification number PZ 7
Item number .El749Hu 1944
100 1# - MAIN ENTRY--PERSONAL NAME
Personal name Estes, Eleanor,
Dates associated with a name 1906-1988.
9 (RLIN) 25951
245 14 - TITLE STATEMENT
Title The hundred dresses /
Statement of responsibility, etc Illustrated by Louis Slobodkin.
260 ## - PUBLICATION, DISTRIBUTION, ETC. (IMPRINT)
Place of publication, distribution, etc New York,
Name of publisher, distributor, etc Harcourt Brace Jovanovich
Date of publication, distribution, etc 1944
300 ## - PHYSICAL DESCRIPTION
Extent 78 p.
Other physical details ill. ;
Dimensions 19 cm.
490 0# - SERIES STATEMENT
Series statement A Voyager book, AVB 88
520 ## - SUMMARY, ETC.
Summary, etc In winning a medal she is no longer there to receive, a tight-lipped little Polish girl teaches her classmates a lesson.
521 ## - TARGET AUDIENCE NOTE
Target audience note
526 ## - STUDY PROGRAM INFORMATION NOTE
Reading level 870
562 ## - COPY AND VERSION IDENTIFICATION NOTE
Number of copies 1
650 #1 - SUBJECT ADDED ENTRY--TOPICAL TERM
Topical term or geographic name as entry element Polish Americans
General subdivision Fiction.
9 (RLIN) 25952
650 #1 - SUBJECT ADDED ENTRY--TOPICAL TERM
Topical term or geographic name as entry element Friendship
General subdivision Fiction.
9 (RLIN) 25953
700 1# - ADDED ENTRY--PERSONAL NAME
Personal name Slobodkin, Louis,
Dates associated with a name 1903-1975,
Relator term illus.
9 (RLIN) 25954
856 42 - ELECTRONIC LOCATION AND ACCESS
Materials specified Publisher description
Uniform Resource Identifier <a href="http://www.loc.gov/catdir/description/har041/73012940.html">http://www.loc.gov/catdir/description/har041/73012940.html</a>
856 42 - ELECTRONIC LOCATION AND ACCESS
Materials specified Contributor biographical information
Uniform Resource Identifier <a href="http://www.loc.gov/catdir/enhancements/fy1003/73012940-b.html">http://www.loc.gov/catdir/enhancements/fy1003/73012940-b.html</a>
906 ## - LOCAL DATA ELEMENT F, LDF (RLIN)
a 7
b cbc
c orignew
d 1
e ocip
f 19
g y-gencatlg
942 ## - ADDED ENTRY ELEMENTS (KOHA)
Source of classification or shelving scheme Library of Congress Classification
Koha item type
Holdings
Withdrawn status Lost status Source of classification or shelving scheme Damaged status Home library Current library Shelving location Date acquired Total Checkouts Total Renewals Full call number Barcode Date last seen Date checked out Copy number Price effective from Koha item type
    Library of Congress Classification   Luxembourg Library Luxembourg Library Scholastic Reading Center Section 10/08/2013 1 6 PZ 7 .Es749Hu 1944 LEX0231 10/26/2018 02/22/2018 1 10/08/2013 Books

The hundred dresses /

APA

Estes E., Slobodkin L., . (1944). The hundred dresses. New York: Harcourt Brace Jovanovich.

Chicago

Estes Eleanor, Slobodkin Louis, . 1944. The hundred dresses. New York: Harcourt Brace Jovanovich.

Harvard

Estes E., Slobodkin L., . (1944). The hundred dresses. New York: Harcourt Brace Jovanovich.

MLA

Estes Eleanor, Slobodkin Louis, . The hundred dresses. New York: Harcourt Brace Jovanovich. 1944.

  • Place hold
  • Print
  • Cite
  • Add to your cart (remove)
  • Save record
    BIBTEX Dublin Core MARCXML MARC (non-Unicode/MARC-8) MARC (Unicode/UTF-8) MARC (Unicode/UTF-8, Standard) MODS (XML) RIS
  • More searches
    Search for this title in:
    Other Libraries (WorldCat) Other Databases (Google Scholar) Online Stores (Bookfinder.com) Open Library (openlibrary.org)

Exporting to Dublin Core...

SOUTHVILLE LIBRARY

Southville International School and Colleges Library

1281 Tropical Ave. Cor. Luxembourg St., BF Homes International, Las Pinas City

Tel. No. 8256374 / 252358 Loc. 117/146

Powered by Koha